Campeões da UEFA Europa League - Statistics

Estatísticas Gerais
  • Esse quiz foi jogado 783 vezes
    159 desde o último reset
  • A pontuação média é 41 de 54
Estatísticas das Respostas
Temporada País Time % Correto
2016-17 Inglaterra Manchester United
92%
2005-06 Espanha Sevilla
92%
2006-07 Espanha Sevilla
92%
2013-14 Espanha Sevilla
92%
2014-15 Espanha Sevilla
92%
2015-16 Espanha Sevilla
92%
2019-20 Espanha Sevilla
92%
2022-23 Espanha Sevilla
92%
2012-13 Inglaterra Chelsea
91%
2018-19 Inglaterra Chelsea
91%
2009-10 Espanha Atlético de Madrid
90%
2011-12 Espanha Atlético de Madrid
90%
2017-18 Espanha Atlético de Madrid
90%
2002-03 Portugal Porto
90%
2010-11 Portugal Porto
90%
1991-92 Países Baixos Ajax
89%
1990-91 Itália Internazionale
86%
1993-94 Itália Internazionale
86%
1997-98 Itália Internazionale
86%
1995-96 Alemanha Bayern München
83%
1976-77 Itália Juventus
83%
1989-90 Itália Juventus
83%
1992-93 Itália Juventus
83%
1977-78 Países Baixos PSV
83%
1984-85 Espanha Real Madrid
83%
1985-86 Espanha Real Madrid
83%
1971-72 Inglaterra Tottenham Hotspur
83%
1983-84 Inglaterra Tottenham Hotspur
83%
2024-25 Inglaterra Tottenham Hotspur
83%
1972-73 Inglaterra Liverpool
80%
1975-76 Inglaterra Liverpool
80%
2000-01 Inglaterra Liverpool
80%
1974-75 Alemanha Borussia Mönchengladbach
78%
1978-79 Alemanha Borussia Mönchengladbach
78%
1973-74 Países Baixos Feyenoord
78%
2001-02 Países Baixos Feyenoord
78%
2007-08 Russia Zenit
76%
2023-24 Itália Atalanta
73%
1979-80 Alemanha Eintracht Frankfurt
73%
2021-22 Alemanha Eintracht Frankfurt
73%
2020-21 Espanha Villarreal
72%
2004-05 Rússia CSKA Moscou
70%
2003-04 Espanha Valencia
66%
1999-00 Turquia Galatasaray
65%
1988-89 Itália Napoli
63%
1994-95 Itália Parma
60%
1998-99 Itália Parma
60%
1982-83 Bélgica Anderlecht
50%
1987-88 Alemanha Bayer Leverkusen
48%
1996-97 Alemanha Schalke 04
40%
2008-09 Ucrânia Shakthar Donetsk
40%
1980-81 Inglaterra Ipswich Town
32%
1981-82 Suécia Göteborg
24%
1986-87 Suécia Göteborg
24%
Nenhum quiz correspondente encontrado
Distribuição das Pontuações
Porcentagem de Pessoas com Cada Pontuação
Percentil de Números Respondidos
Sua Pontuação Histórica
Você não jogou esse quiz desde o último reset